[Event "EST-ch U16 Girls"]
[Site "Tallinn"]
[Date "2016.05.21"]
[Round "6"]
[White "Andrijashkina, Anastassia"]
[Black "Nazarova, Veronika"]
[Result "1/2-1/2"]
[WhiteElo "1300"]
[BlackElo "1267"]
[PlyCount "53"]
[EventDate "2016.05.19"]
[EventType "swiss"]
[EventRounds "7"]
[EventCountry "EST"]
[SourceTitle "EXT 2018"]
[Source "ChessBase"]
[SourceDate "2017.10.13"]
[SourceVersion "1"]
[SourceVersionDate "2017.10.13"]
[SourceQuality "1"]

1. d4 d5 2. c4 Nf6 3. Nc3 e6 4. Bg5 Be7 5. e3 Nbd7 6. Bd3 c6 7. Nf3 0-0 8. Qc2 dxc4 9. Bxc4 b6 10. 0-0 Bb7 11. Rad1 Rc8 12. Ne5 Qc7 13. Nxd7 Qxd7 14. Bd3 h6 15. Bh4 Ng4 16. Bxe7 Qxe7 17. h3 Nf6 18. a3 c5 19. dxc5 Qxc5 20. Qb1 Qg5 21. Ne4 Bxe4 22. Bxe4 Qe5 23. Bf3 Rfd8 24. Rxd8+ Rxd8 25. Rd1 Rxd1+ 26. Bxd1 Ne4 27. Be2 1/2-1/2

[Event "EST-ch U16 Girls"]
[Site "Tallinn"]
[Date "2016.05.21"]
[Round "5"]
[White "Bitkova, Jelizaveta"]
[Black "Andrijashkina, Anastassia"]
[Result "1-0"]
[WhiteElo "1383"]
[BlackElo "1300"]
[PlyCount "83"]
[EventDate "2016.05.19"]
[EventType "swiss"]
[EventRounds "7"]
[EventCountry "EST"]
[SourceTitle "EXT 2018"]
[Source "ChessBase"]
[SourceDate "2017.10.13"]
[SourceVersion "1"]
[SourceVersionDate "2017.10.13"]
[SourceQuality "1"]

1. d4 Nf6 2. Nf3 d5 3. Bf4 c6 4. Bxb8 Rxb8 5. e3 e6 6. Bd3 Bd6 7. Nbd2 0-0 8. 0-0 b6 9. e4 dxe4 10. Nxe4 h6 11. Ne5 Nxe4 12. Bxe4 Bxe5 13. dxe5 Bb7 14. Qd6 Qc8 15. Rad1 Rd8 16. Qa3 c5 17. Qf3 Rd4 18. Rxd4 cxd4 19. Rd1 Qc7 20. Bxb7 Rxb7 21. Qe4 d3 22. Rxd3 Rb8 23. Rc3 Qd7 24. Qd3 Qa4 25. Ra3 Qb4 26. Qc3 Qf4 27. Qe1 Qc4 28. Qd2 Qb5 29. c3 a5 30. f4 Qc5+ 31. Qd4 Qd5 32. Qxd5 exd5 33. Rb3 Kf8 34. Kf2 b5 35. a4 b4 36. cxb4 axb4 37. Ke3 Ke7 38. Kd4 Ke6 39. Kc5 Rc8+ 40. Kxb4 Ra8 41. Kc3 Kf5 42. Rb4 1-0

[Event "EST-ch U16 Girls"]
[Site "Tallinn"]
[Date "2016.05.19"]
[Round "2"]
[White "Tonso, Liina"]
[Black "Andrijashkina, Anastassia"]
[Result "1-0"]
[WhiteElo "1654"]
[BlackElo "1300"]
[PlyCount "47"]
[EventDate "2016.05.19"]
[EventType "swiss"]
[EventRounds "7"]
[EventCountry "EST"]
[SourceTitle "EXT 2018"]
[Source "ChessBase"]
[SourceDate "2017.10.13"]
[SourceVersion "1"]
[SourceVersionDate "2017.10.13"]
[SourceQuality "1"]

1. d4 Nf6 2. c4 c5 3. d5 e6 4. Nc3 exd5 5. cxd5 d6 6. e4 g6 7. f3 Bg7 8. Be3 0-0 9. Nge2 Nfd7 10. Ng3 Ne5 11. Be2 f5 12. f4 Nf7 13. exf5 Re8 14. fxg6 Rxe3 15. gxf7+ Kxf7 16. 0-0 Bd4 17. Kh1 a6 18. Qc2 Qh8 19. Bh5+ Kg8 20. Rae1 Nd7 21. Rxe3 Bxe3 22. Qe4 Bd4 23. Qe8+ Nf8 24. Qf7# 1-0

[Event "EST-ch U18 Girls"]
[Site "Narva"]
[Date "2016.04.14"]
[Round "1"]
[White "Olde, Margareth"]
[Black "Andrijashkina, Anastassia"]
[Result "1-0"]
[WhiteElo "1985"]
[BlackElo "1310"]
[PlyCount "65"]
[EventDate "2016.04.14"]
[EventType "swiss"]
[EventRounds "7"]
[EventCountry "EST"]
[SourceTitle "EXT 2018"]
[Source "ChessBase"]
[SourceDate "2017.10.13"]
[SourceVersion "1"]
[SourceVersionDate "2017.10.13"]
[SourceQuality "1"]

1. c4 e5 2. Nc3 c5 3. g3 Nc6 4. Bg2 g6 5. e3 Bg7 6. Nge2 Nge7 7. 0-0 0-0 8. d3 d6 9. Rb1 Rb8 10. a3 a5 11. f4 f6 12. Nd5 b5 13. cxb5 Rxb5 14. Bd2 Be6 15. Qa4 Qb8 16. Nxe7+ Nxe7 17. b4 axb4 18. axb4 Rc8 19. d4 cxb4 20. Rxb4 Bd7 21. Qb3+ Kh8 22. Rb1 Rxb4 23. Bxb4 Nc6 24. Ba3 Qxb3 25. Rxb3 Bf8 26. dxe5 fxe5 27. Rd3 exf4 28. gxf4 Re8 29. Bxd6 Bf5 30. Rd2 Bxd6 31. Rxd6 Rxe3 32. Kf2 Na5 33. Rd8+ 1-0